Thành cổ Sài Gòn mấy vấn đề về triều Nguyễn

সংরক্ষণ করুন:
গ্রন্থ-পঞ্জীর বিবরন
প্রধান লেখক: Lê, Nguyễn
বিন্যাস: গ্রন্থ
ভাষা:Undetermined
প্রকাশিত: Tp. HCM Trẻ 1998
বিষয়গুলি:
ট্যাগগুলো: ট্যাগ যুক্ত করুন
কোনো ট্যাগ নেই, প্রথমজন হিসাবে ট্যাগ করুন!
Thư viện lưu trữ: Trung tâm Học liệu Trường Đại học Cần Thơ
LEADER 00651nam a2200181Ia 4500
001 CTU_27717
008 210402s9999 xx 000 0 und d
082 |a 959.703 
082 |b Ng527 
100 |a Lê, Nguyễn 
245 0 |a Thành cổ Sài Gòn mấy vấn đề về triều Nguyễn 
245 0 |c Lê Nguyễn 
260 |a Tp. HCM 
260 |b Trẻ 
260 |c 1998 
650 |a Military architecture,vietnam - history - 17th century,vietnam - history - 18th century,vietnam - history - 19th century,vietnam - history - 20th century 
650 |x History 
980 |a Trung tâm Học liệu Trường Đại học Cần Thơ